Japón y sus negociadores : investigación sobre el perfil del negociador japonés /

保存先:
書誌詳細
第一著者: Carrasco Castro, Mara Azay (autor)
フォーマット: 図書
言語:スペイン語
主題:
タグ: タグ追加
タグなし, このレコードへの初めてのタグを付けませんか!

MARC

LEADER 00000nam^a2200000^a^4500
001 000168714
005 20250521000000.0
009 20260310101211.825
037 |a Acervo ITESO - Biblioteca 
041 |a ESP 
090 |a CIN. 264 
100 |a Carrasco Castro, Mara Azay  |e (autor) 
245 1 0 |a Japón y sus negociadores :  |b investigación sobre el perfil del negociador japonés /  |c M.A. Carrasco Castro. 
264 |a Guadalajara, México :  |b edición de autor,  |c 2004 
300 |a 1 disco compacto de computadora 
336 |a datos para computadora  |b cod  |2 rdacontenido 
337 |a computadora  |b c  |2 rdamedio 
338 |a disco de computadora  |b cd  |2 rdasoporte 
593 |a Tesis de Lic. en Comercio Internacional 
649 |a XX 
650 |a Empresarios Japoneses -  |x Condiciones Sociales y Culturales 
650 |a Empresas -  |x Administración 
650 |a Tratado de Libre Comercio 
650 |a Tratados Internacionales 
650 |a Cultura Organizacional 
650 |a Organización Administrativa 
650 |a Filosofía Empresarial 
650 |a Negociación y Mediación 
650 |a Proceso Administrativo -  |x Dirección 
650 |a Administración 
650 |a Relaciones Internacionales 
650 |a Comercio Internacional 
650 |a Economía 
910 |a Fondo General 
920 |a Electrónicos - Tesis del ITESO en Disco 
905 |a 202 
901 |a 0500105293  |b IT2  |c STS  |u 20250521 
902 |a https://opac.biblio.iteso.mx/vufind/Record/000168714